Statistics for US States In Alphabetical Order On A Sequential Map

Click here to take the quiz!

General Stats

  • This quiz has been taken 342 times
  • The average score is 44 of 50

Answers on the Map

Answers color-coded by a green-red scale on the quiz's map according to % correct below.
 

Answer Stats

State% Correct
Alabama
100%
Alaska
100%
Arizona
100%
California
99%
Arkansas
98%
Colorado
97%
Connecticut
96%
Delaware
96%
Florida
96%
Georgia
96%
Hawaii
95%
Idaho
95%
Illinois
95%
Indiana
95%
Iowa
95%
Kentucky
95%
Louisiana
95%
Maine
95%
Kansas
93%
Maryland
93%
Mississippi
92%
Missouri
92%
Massachusetts
91%
Michigan
91%
Minnesota
91%
Montana
91%
Nevada
90%
Nebraska
89%
New Hampshire
88%
New Jersey
87%
New Mexico
87%
New York
86%
North Carolina
86%
North Dakota
85%
Ohio
84%
Oklahoma
84%
Oregon
84%
Pennsylvania
83%
Rhode Island
80%
South Carolina
78%
South Dakota
77%
Tennessee
75%
Texas
74%
Utah
73%
Vermont
71%
Virginia
69%
Washington
67%
West Virginia
66%
Wisconsin
63%
Wyoming
62%

Score Distribution

Percentile by Number Answered

Percent of People with Each Score

Your Score History

You have not taken this quiz